logo

Bir Sreshtho Munshi Abdur Rouf Library
Jhenaidah Cadet College

Patriots : (Record no. 7134)

MARC details
000 -LEADER
fixed length control field 00801pam a2200277 a 4500
001 - CONTROL NUMBER
JCCL Control Number 7134
003 - CONTROL NUMBER IDENTIFIER
JCCL marc code BD-JhCC
005 - DATE AND TIME OF LATEST TRANSACTION
control field 20180517081915.0
008 - FIXED-LENGTH DATA ELEMENTS--GENERAL INFORMATION
fixed length control field 870914s1988 nyuac b 001 0 eng
020 ## - INTERNATIONAL STANDARD BOOK NUMBER
International Standard Book Number 0671523759
035 ## - SYSTEM CONTROL NUMBER
system control number (BD-JhCC)
040 ## - CATALOGING SOURCE
Original cataloging agency DLC
Transcribing agency DLC
Modifying agency DLC
041 ## - LANGUAGE CODE
Language code of Book eng
050 00 - LIBRARY OF CONGRESS CALL NUMBER
Classification number E208
Item number .L27 1988
082 00 - DEWEY DECIMAL CLASSIFICATION NUMBER
Classification number 973.3
DDC Edition number 19
Author mark and Year LAN 1988
100 1# - MAIN ENTRY--PERSONAL NAME
Personal name Langguth, A. J.,
Dates associated with a name 1933-2014.
245 10 - TITLE STATEMENT
Title Patriots :
Remainder of title the men who started the American Revolution /
Statement of responsibility, etc A.J. Langguth.
260 ## - PUBLICATION, DISTRIBUTION, ETC. (IMPRINT)
Place of publication, distribution, etc New York :
Name of publisher, distributor, etc Simon and Schuster,
Date of publication, distribution, etc c1988.
300 ## - PHYSICAL DESCRIPTION
Pagination 637 p. :
Other physical details ill., ports. ;
Dimensions 25 cm.
500 ## - GENERAL NOTE
General note Maps on lining paper.
500 ## - GENERAL NOTE
General note Includes index.
504 ## - BIBLIOGRAPHY, ETC. NOTE
Bibliography, etc Bibliography: p. 608-618.
651 #0 - SUBJECT ADDED ENTRY--GEOGRAPHIC NAME
Geographic name United States
General subdivision History
Chronological subdivision Revolution, 1775-1783.
942 ## - ADDED ENTRY ELEMENTS (KOHA)
Source of classification or shelving scheme Dewey Decimal Classification
Koha item type Books
Holdings
Source of classification or shelving scheme Damaged status Not for loan Home library Current library Shelving location Date of accession Total Checkouts Full call number Barcode Date last seen Copy number Koha item type
Dewey Decimal Classification     JCC Rouf Library JCC Rouf Library General Stacks 02/05/2018   973.3 LAN 1988 1167 02/05/2018 C - 1 Books

JCC Library | Contacts | JCC Home

Last Update on 23 September 2017
Copyright @ 2017-2020 JCC Rouf Library
Rouf Library, Jhenidah Cadet College (JCC), Bangladesh